Statistics for Top 100 Baby Boys' Names in Australia 2023

Click here to take the quiz!

General Stats

  • This quiz has been taken 112 times
  • The average score is 37 of 100

Answer Stats

#Name% Correct
16James
84%
79Michael
84%
1Oliver
81%
4William
81%
18Harry
77%
6Jack
77%
71Daniel
74%
25George
74%
5Henry
74%
74Charles
71%
2Noah
71%
43Samuel
71%
11Thomas
71%
39Benjamin
70%
10Luca
68%
53Edward
66%
14Lucas
66%
19Alexander
65%
50Jacob
65%
17Liam
65%
36Ethan
60%
81Adam
58%
63Joseph
58%
3Leo
58%
68Eli
56%
72Joshua
56%
9Charlie
55%
52Jackson
55%
85Zachary
55%
15Elijah
53%
35Isaac
52%
55Ryan
51%
22Oscar
48%
40Theo
48%
51Louis
44%
21Harrison
42%
62Leon
42%
20Max
42%
42Patrick
42%
7Theodore
42%
12Archie
40%
30Arthur
40%
56Logan
40%
31Mason
39%
33Cooper
35%
38Finn
35%
26Hugo
35%
48Jordan
34%
28Kai
34%
99Tommy
34%
93Connor
32%
44Riley
32%
95Vincent
32%
45Austin
31%
13Levi
31%
77Gabriel
30%
29Xavier
29%
87Alfie
27%
80Jayden
27%
98Elias
26%
91Jude
26%
65Carter
25%
67Felix
25%
37Lachlan
25%
32Sebastian
25%
57Ezra
23%
84Leonardo
23%
90Aiden
22%
92Ali
22%
27Hunter
22%
23Harvey
21%
8Hudson
21%
76Parker
19%
89Reuben
19%
24Arlo
18%
66Billy
18%
86Ashton
16%
47Beau
16%
58Luka
16%
83Roman
16%
49Jasper
14%
34Archer
13%
61Asher
13%
59Muhammad
13%
54Angus
12%
100Jaxon
12%
60Flynn
10%
46Lincoln
10%
97Louie
10%
64River
10%
82Spencer
10%
70Ari
9%
78Bodhi
9%
41Sonny
9%
94Lennox
8%
69Hamish
6%
96Koa
6%
73Remy
6%
75Darcy
5%
88Fletcher
1%

Score Distribution

Percentile by Number Answered

Percent of People with Each Score

Your Score History

You have not taken this quiz